آ ءينہء حر م (Record no. 169844)
[ view plain ]
| 000 -LEADER | |
|---|---|
| fixed length control field | 00637nam a22001937a 4500 |
| 005 - DATE AND TIME OF LATEST TRANSACTION | |
| control field | 20191205165043.0 |
| 010 ## - LCCN (DPL NO) | |
| LC control number | A-141671 |
| 020 ## - INTERNATIONAL STANDARD BOOK NUMBER | |
| Terms of availability | 25.00 |
| International Standard Book Number | - |
| 035 ## - SYSTEM CONTROL NUMBER | |
| System control number | A-141671 |
| 037 ## - SOURCE OF ACQUISITION | |
| Source of stock number/acquisition | BPPD |
| 082 ## - DEWEY DECIMAL CLASSIFICATION NUMBER | |
| Classification number | 230.91 |
| 100 ## - MAIN ENTRY--PERSONAL NAME | |
| Personal name | محی ا لد ين قا د ر ی ا لر ز ا قی |
| 245 ## - TITLE STATEMENT | |
| Title | آ ءينہء حر م |
| Statement of responsibility, etc | محی ا لد ين قا د ر ی ا لر ز ا قی |
| 246 ## - VARYING FORM OF TITLE | |
| Title proper/short title | Aiyna-e-Haram |
| Remainder of title | by Mohiuddin Qadri Alrazaqui |
| 260 ## - PUBLICATION, DISTRIBUTION, ETC. (IMPRINT) | |
| Place of publication, distribution, etc | U.P. |
| Date of publication, distribution, etc | 1983 ء |
| Name of publisher, distributor, etc | Razaqia Kitab Ghar |
| 270 ## - ADDRESS | |
| Address | Bansa Shareef, Zila Bara Banki |
| City | U.P. |
| Telephone number | - |
| Postal code | - |
| 300 ## - PHYSICAL DESCRIPTION | |
| Extent | 192 ص |
| Dimensions | 22 cm(hb) |
| 942 ## - ADDED ENTRY ELEMENTS (KOHA) | |
| Source of classification or shelving scheme | Dewey Decimal Classification |
| Item type | Urdu Bks |
| Classification part | 230.91 |
| Call number suffix | ق ا د |
| Withdrawn status | Lost status | Not for loan | Collection code | Home library | Current library | Date acquired | Source of acquisition | Cost, normal purchase price | Full call number | Barcode | Copy number | Cost, replacement price | Koha item type |
|---|---|---|---|---|---|---|---|---|---|---|---|---|---|
| Ordered | Non-fiction | Central Library | Central Library | 05/12/2019 | BPPD/Ven. | 25.00 | 230.91 ق ا د | A-141671 | 1 | 25.00 | Urdu Bks |
